000 00875cab a22001935a 4500
001 L149960
008 100519s20100501xxk f g 000 0 eng d
035 _a(Sirsi) u149960
041 0 _aeng
100 1 _aTabinor, David
245 0 0 _aProtecting the faultless victim
260 _c2010
490 _aEstates Gazette
_v(1017) 1 May 2010, 92(1)
520 _aThe Mortgage Repossession (Protection of Tenants etc) Act 2010 comes into force later this year. This will protect tenants who are made homeless through no fault of their own when their landlords have defaulted on their mortgages by giving the tenant the right to suspend a possession order for two months. It is hoped that this Act will contribute to a strong and well managed private rented sector.
590 _aKA
651 4 _aEngland and Wales
_y1543-
690 _aLandlord and tenant
_96252
942 _n0
999 _c82351
_d82351